Relação da viagem de Vasco da Gama (Registo nº 2736)

Detalhes MARC
000 -Etiqueta do registo
Cabeçalho 00931nam a22002651 4500
005 - Identificador da versão
Campo de controlo 20240813121943.0
095 ## -
-- PTBN00254531
021 ## - Número do Depósito Legal
Código do país PT
Número 24748/88
100 ## - Dados gerais de processamento
Dados gerais de processamento 19930624d1990 am a0pory5003 ba
102 ## - Pais de publicação ou produção
País de publicação Portugal
101 0# - Língua de publicação
Língua do texto, banda sonora, etc. Português
106 ## - Campo de dados codificados: material textual
Dados codificados do material textual r
105 ## - Campo de dados codificados: livros
Dados codificados dos livros a z 001yy
215 ## - Descrição física 
Indicação específica da natureza do documento e extensão da espécie 101 p.
Outras indicações físicas il.
Dimensões 24 cm
200 1# - Titulo e menção de responsabilidade
Título próprio Relação da viagem de Vasco da Gama
Primeira menção de responsabilidade Álvaro Velho
Outras menções de responsabilidade introd. e notas de Luís de Albuquerque
210 ## - Publicação, Distribuição, etc. 
Lugar da edição, distribuição, etc. Lisboa
Nome do editor, distribuidor, etc. Comissão Nacional para as Comemorações dos Descobrimentos Portugueses
-- Ministério da Educação
Data da publicação, distribuição, etc. imp. 1990
606 ## - Nome comum usado como assunto
Número de registo de entrada de autoridade 0001657
Palavra de ordem História
Subdivisão de assunto Descobrimento do caminho marítimo para a Índia
Subdivisão geográfica Portugal
Subdivisão cronológica 1497-1499
675 ## - Classificação Decimal Universal (CDU)
Notação 910.4(540)"1497/1499"
Edição
Língua da edição por
702 #1 - Nome de autor-pessoa física (responsabilidade secundária)
Número de registo de entrada de autoridade 0001578
Palavra de ordem Albuquerque
Outra parte do nome não tomada para palavra de ordem Luís de
Datas 1917-1995
Código de função Comentador de texto escrito
700 #1 - Nome de autor-pessoa física (responsabilidade principal)
Número de registo de entrada de autoridade 0001659
Palavra de ordem Velho
Outra parte do nome não tomada para palavra de ordem Álvaro
Datas fl. 14--
942 ## - Elementos de entrada adicionados (Koha)
Tipo de item no Koha Livro
Exemplares
Situação do levantamento Origin of item (home branch) (coded) Biblioteca de empréstimo Código de barras Cota Circulation type (not for loan) Tipo de documento Nota do exemplar Damaged status
  Biblioteca Escolar da Coca Maravilhas Biblioteca Escolar da Coca Maravilhas BECM1939/93 9PT VEL   Livro Sem mensagem